00413nam a2200121Ia 4500003000400000005001700004008004100021040001800062041000800080100005000088245011900138260003400257OSt20260123153913.0211028s2016 xx 000 0 und d cAIMIT LIBRARY aeng aKarumbaiah K B, Thrishul; Kusuma, P.g1416152 aStudy on the effectiveness of training and development with special reference to mersen India pvt ltd Bangalore / aMangalorebSwapna Rose.c2016